Les buteurs de Monaco en Ligue des Champions (depuis 2010) - Statistiques

Statistiques générales
  • Ce quiz a été pris 232 fois
  • Le résultat moyen est 12 sur 27
Statistiques - réponses
Joueurs Buts % Correct
Kylian Mbappé 6
100%
Radamel Falcao 8
97%
Bernardo Silva 2
81%
Fabinho 2
81%
Valère Germain 2
79%
Thomas Lemar 2
72%
Tiémoué Bakayoko 1
72%
Djibril Sidibé 1
71%
Kamil Glik 2
71%
Yannick Ferreira Carrasco 1
59%
Joao Moutinho 1
51%
Dimitar Berbatov 1
46%
Andrea Raggi 1
43%
Anthony Martial 1
40%
Geoffrey Kondogbia 1
37%
Layvin Kurzawa 2
24%
Lucas Ocampos 1
24%
Guido Carrillo 1
23%
Rony Lopes 1
21%
Aymen Abdennour 1
15%
Youri Tielemans 1
13%
Ivan Cavaleiro 1
11%
Stephan El Shaarawy 1
10%
Moussa Sylla 1
7%
Mario Pasalic 2
6%
Elderson Echiejile 1
5%
Samuel Grandsir 1
4%
Aucun quiz correspondant
Distribution des résultats
% des personnes avec chaque résultat
Percentile par nombre de réponses
Votre historique - résultats
Vous n’avez pas pris ce quiz